=LDR 00000nam 2200000 4500 =001 INLIS000000000001073 =005 20130612085502 =008 ***********************************Ing** =035 ##$$0010-061300000001073 =041 ##$$a Ing =082 ##$$a 028.5 =090 ##$$a 028.5, Set-c =100 ##$$a SETIYANTA, Y. Mei =245 ##$$a The Candidate Campaign, Y. Mei Setiyanta =260 ##$$a 1998 $b Yogyakarta =300 ##$$a 19 hlm, ilus, 17 cm =650 ##$$a Bacaan Kanak-kanak =850 ##$$a NBPNMAT